[Event "Moscow CC Mephi 1st League"]
[Site "Moscow"]
[Date "2009.02.28"]
[Round "15"]
[White "Bezotosniy, Yaroslav I"]
[Black "Chepel, Nikolay"]
[Result "0-1"]
[WhiteElo "2223"]
[BlackElo "2291"]
[PlyCount "56"]
[EventDate "2009.02.16"]
[EventType "tourn"]
[EventRounds "15"]
[EventCountry "RUS"]
[EventCategory "1"]
[SourceTitle "CBM 129 Extra"]
[Source "ChessBase"]
[SourceDate "2009.05.05"]
[SourceVersion "2"]
[SourceVersionDate "2009.05.20"]
[SourceQuality "1"]

1. e4 c6 2. c4 d5 3. exd5 cxd5 4. cxd5 Nf6 5. Qa4+ Nbd7 6. Nc3 g6 7. Nf3 Bg7 8. Qb3 0-0 9. Bc4 Nc5 10. Qa3 b6 11. 0-0 Bb7 12. d4 Nce4 13. Re1 Nxc3 14. bxc3 Rc8 15. Rxe7 Bxd5 16. Be2 Rxc3 17. Qxa7 Bxf3 18. Bxf3 Rxf3 19. gxf3 Qxd4 20. Rb1 Qd1+ 21. Kg2 Qc2 22. Rxb6 Qxc1 23. Rbb7 Nh5 24. Rxf7 Rxf7 25. Rxf7 Bf6 26. Rc7 Nf4+ 27. Kg3 Ne2+ 28. Kh3 Qf1+ 0-1